000 00673nam a22001695i 4500
001 165980
003 ES-MaACL
005 20230906213236.0
008 980605s1881 sp |||| | spa d
040 _aCYL
_bspa
_cCYL
245 0 0 _aTáctica de infantería aprobada por Real Órden de 5 de Julio de 1881
_b: memoria general.
260 _aMadrid :
_bDepósito de la Guerra,
_c1881 (
_fImprenta y Litografía del mismo)
300 _a93 p. ;
_c17 cm.
650 4 _aInfantería-
_xTáctica.
_9156316
852 _aES-MaACL
_jG-9941(2)
_z-- Enc. hol., conservando la enc. original
_z-- Enc. en un vol. facticio
852 _aES-MaACL
_jG-9282(1)
_z-- Enc. tela roja con hierros
999 _c165980
_d165980